Blízcí /
Fotografka Bára se přestěhuje za svým partnerem Igorem na venkov, kde místo klidu narazí na tvrdou realitu. Nepřijetí ze strany jeho přátel a rodiny, v čele s neústupnou a manipulativní matkou Jarkou, ji vrhá do nejistoty. Postrádá starý život, zápasí s tvůrčí krizí a čelí nátlaku ohledně mateřství,...
Uloženo v:
| Hlavní autor: | |
|---|---|
| Médium: | E-kniha |
| Jazyk: | Czech |
| Vydáno: |
Praha :
Albatros Media a.s.,
2025
|
| Tagy: |
Žádné tagy |
| LEADER | 01532nam a22002297i 4500 | ||
|---|---|---|---|
| 001 | 312639 | ||
| 007 | ta | ||
| 008 | 260601s2025 xr ||||| |||| 00| 0 cze d | ||
| 020 | |a 9788026727873 | ||
| 044 | |a xr | ||
| 100 | 1 | |a González, Veronika |4 aut | |
| 245 | 1 | 0 | |a Blízcí / |c González, Veronika |
| 264 | 1 | |a Praha : |b Albatros Media a.s., |c 2025 | |
| 300 | |a 1 online zdroj (304 stran) | ||
| 336 | |a text |b txt |2 rdacontent | ||
| 337 | |a bez média |b n |2 rdamedia | ||
| 338 | |a online zdroj |b cr |2 rdacarrier | ||
| 520 | 2 | |a Fotografka Bára se přestěhuje za svým partnerem Igorem na venkov, kde místo klidu narazí na tvrdou realitu. Nepřijetí ze strany jeho přátel a rodiny, v čele s neústupnou a manipulativní matkou Jarkou, ji vrhá do nejistoty. Postrádá starý život, zápasí s tvůrčí krizí a čelí nátlaku ohledně mateřství, na které není připravená. Křehké přátelství s Igorovou vyčerpanou a nejistou švagrovou Petrou jí postupně odhalí palčivé pravdy, které navždy změní její pohled na to, kým je – a kým si myslela, že by chtěla být. | |
| 910 | |a RBIT002 | ||
| 998 | |d 417326 |a https://core.palmknihy.cz/api/books/417326/cover?srjvsi |b https://core.palmknihy.cz/api/books/417326/cover/400?srjvsi |c https://core.palmknihy.cz/api/books/417326/cover/50?srjvsi |e 2034-12-31 |g 304 |i 9788026727873 |j https://core.palmknihy.cz/api/books/417326/preview.epub |k https://core.palmknihy.cz/api/books/417326/preview.pdf |l |q 49 |r 1 |s https://www.palmknihy.cz/kniha/417326 |t ebook |y 2025 |z 1 | ||
| 999 | |d 312637 | ||